| 000 | 00466nam a22001337a 4500 | ||
|---|---|---|---|
| 008 | 090203s2005 enk|||||r|||| 001 0 eng d | ||
| 020 | _a184480142X (pbk.) | ||
| 082 |
_222 _a658.802 _bDOO |
||
| 245 |
_aStrategic Marketing Decisions in Global Markets / _cIsobel Doole, Robin Lowe. |
||
| 260 |
_aLondon : _bThomson Learning, 2005 _c2005. |
||
| 300 |
_axxiv, 343 p. : _bcol. ill. ; _c28 cm. |
||
| 504 | _aIncludes bibliographical references and index. | ||
| 942 |
_2ddc _cBB |
||
| 999 |
_c10623 _d10623 |
||